000 00383nam a2200157Ia 4500
005 20250423101623.0
008 250422s9999 xx 000 0 und d
020 _a0896- 9655
050 _aKL 160 .C6/
245 0 _aUniform building code
260 _aCalifornia
260 _bInternational conference of building officials
260 _c1991
300 _a1050 p
942 _cBK
999 _c36779
_d36779